Southville International School and Colleges
Your cart is empty.
  • Cart
  • Lists
    Public lists Eva Luna New books Lux_list list_1
    Your lists Log in to create your own lists
  • Log in to your account
  • Your cookies
  • Search history
Southville International School and Colleges
  • Advanced search
  • Recent comments
  • Most popular
  • Libraries

Log in to your account

Log in with GOOGLE


If you do not have an external account, but do have a local account, you can still log in:

  1. Home
  2. MARC view: You wouldn't want to be a medieval knight! /
Normal view MARC view ISBD view

You wouldn't want to be a medieval knight! / (Record no. 361240)

[ view plain ]
MARC details
000 -LEADER
fixed length control field 00654nam a2200241Ia 4500
008 - FIXED-LENGTH DATA ELEMENTS--GENERAL INFORMATION
fixed length control field 190123s9999 xx 000 0 und d
020 ## - INTERNATIONAL STANDARD BOOK NUMBER
International Standard Book Number 9780531238516
050 ## - LIBRARY OF CONGRESS CALL NUMBER
Item number M135 2014
100 ## - MAIN ENTRY--PERSONAL NAME
Personal name MacDonald, Fiona
245 #0 - TITLE STATEMENT
Title You wouldn't want to be a medieval knight! /
245 #0 - TITLE STATEMENT
Statement of responsibility, etc by Fiona McDonald ; illustrated by David Antram.
260 ## - PUBLICATION, DISTRIBUTION, ETC. (IMPRINT)
Place of publication, distribution, etc New York, New York :
260 ## - PUBLICATION, DISTRIBUTION, ETC. (IMPRINT)
Name of publisher, distributor, etc Scholastic,
260 ## - PUBLICATION, DISTRIBUTION, ETC. (IMPRINT)
Date of publication, distribution, etc 2014
300 ## - PHYSICAL DESCRIPTION
Extent 32 pages :
300 ## - PHYSICAL DESCRIPTION
Other physical details colored illustrations ;
300 ## - PHYSICAL DESCRIPTION
Dimensions 24cm.
500 ## - GENERAL NOTE
General note 910L
650 ## - SUBJECT ADDED ENTRY--TOPICAL TERM
Topical term or geographic name as entry element Civilization, Medieval.
650 ## - SUBJECT ADDED ENTRY--TOPICAL TERM
Topical term or geographic name as entry element Knight and knighthood.
700 ## - ADDED ENTRY--PERSONAL NAME
Personal name Antram, David.
700 ## - ADDED ENTRY--PERSONAL NAME
Personal name Title.
Holdings
Withdrawn status Lost status Damaged status Home library Current library Shelving location Date acquired Total Checkouts Full call number Barcode Date last seen Price effective from Koha item type
      Stonyhurst Southville International School (Malarayat) Stonyhurst Southville International School (Malarayat)   01/23/2019   LEX M135 2014 SSISM6397 01/23/2019 01/23/2019 Lexile

You wouldn't want to be a medieval knight! /

APA

MacDonald F., Antram D. & Title.You wouldn't want to be a medieval knight!. New York, New York: .

Chicago

MacDonald Fiona, Antram David and Title.You wouldn't want to be a medieval knight!. New York, New York: .

Harvard

MacDonald F., Antram D. and Title.You wouldn't want to be a medieval knight!. New York, New York: .

MLA

MacDonald Fiona, Antram David and Title.New York, New York: . .

  • Place hold
  • Print
  • Cite
  • Add to your cart (remove)
  • Save record
    BIBTEX Dublin Core MARCXML MARC (non-Unicode/MARC-8) MARC (Unicode/UTF-8) MARC (Unicode/UTF-8, Standard) MODS (XML) RIS
  • More searches
    Search for this title in:
    Other Libraries (WorldCat) Other Databases (Google Scholar) Online Stores (Bookfinder.com) Open Library (openlibrary.org)

Exporting to Dublin Core...

SOUTHVILLE LIBRARY

Southville International School and Colleges Library

1281 Tropical Ave. Cor. Luxembourg St., BF Homes International, Las Pinas City

Tel. No. 8256374 / 252358 Loc. 117/146

Powered by Koha